Sinh học phân tử

Enregistré dans:
Détails bibliographiques
Auteur principal: VÕ THỊ THƯƠNG LAN
Format: Livre
Langue:Undetermined
Publié: H. ĐHQG 2002
Sujets:
Tags: Ajouter un tag
Pas de tags, Soyez le premier à ajouter un tag!
Thư viện lưu trữ: Trung tâm Học liệu Trường Đại học Cần Thơ
LEADER 00448nam a2200169Ia 4500
001 CTU_50592
008 210402s9999 xx 000 0 und d
082 |a 572.8 
082 |b L105 
100 |a VÕ THỊ THƯƠNG LAN 
245 0 |a Sinh học phân tử 
245 0 |c VÕ THỊ THƯƠNG LAN 
260 |a H. 
260 |b ĐHQG 
260 |c 2002 
650 |a molecular biology 
980 |a Trung tâm Học liệu Trường Đại học Cần Thơ